000 01012nam a2200277Ia 4500
005 20220317001418.0
008 161108s1998 sp g 000 0 spa
020 _a9788498922196
082 0 4 _a940.284
_bH61e
100 1 _aHobsbawm, Eric J.
_d1917-2012
245 1 3 _aLa era del capital, 1848-1875
_cEric Hobsbawm ; traducido por Ángel García Fluixá y Carlo A. Caranci
250 _a1a. edición
_b4a reimpresión
300 _a358 páginas
_bcuadros y mapas
_c23 cm
490 _aLibros de historia
500 _aIncluye datos biográficos
534 _tThe age of capital, 1848-1875
650 1 4 _2LEMB
_aCapitalismo
_xHistoria
_xRevolucion Industrial
650 1 4 _2LEMB
_aIndustria
_xAspectos sociales
_y1848-1875
700 1 _aCaranci, Carlo A. García Fluixá, A
_972535
942 _2ddc
_cBK
264 _aBarcelona
_bCrítica
_c[1998]
336 _atexto
_btxt
_2rdacontent
337 _asin mediación
_bn
_2rdamedia
338 _avolumen
_bnc
_2rdacarrier
040 _aCO-BoRNBP
_bspa
_erda
_cCO-BoRNBP
999 _c6899
_d6899